Vorlesungen uber Ethik

Մատենագիտական մանրամասներ
Հիմնական հեղինակ: Tugendhat E. Ernst
Լեզու:գերմաներեն
Հրապարակվել է: Frankfurt am Main, Suhrkamp, 1995
Խորագրեր:
Ձևաչափ: Գիրք
KOHA link:https://koha.lib.tpu.ru/cgi-bin/koha/opac-detail.pl?biblionumber=4574

MARC

LEADER 00000nam0a2200000 4500
001 4574
005 20231030175133.0
010 |a 3518287001 
035 |a (RuTPU)RU\TPU\book\4598 
035 |a BOOK00004618 
090 |a 4574 
100 |a 20011209d1995 m y0gery50 ba 
101 0 |a ger 
102 |a DE 
105 |a y j 000zy 
200 1 |a Vorlesungen uber Ethik  |f E. Tugendhat 
210 |a Frankfurt am Main  |c Suhrkamp  |d 1995 
215 |a 399 p. 
610 1 |a этика 
610 1 |a философия 
610 1 |a учебные пособия 
686 |a Ю7я7  |v LBC/SL-A  |2 rubbk 
700 1 |a Tugendhat  |b E.  |g Ernst 
801 0 |a RU  |b 63413507  |c 20011209  |g PSBO 
801 2 |a RU  |b 63413507  |c 20070226  |g PSBO 
942 |c BK